La administración local (Record no. 167205)

MARC details
000 -LEADER
campo de control de longitud fija 00976nam a22001695i 4500
001 - NÚMERO DE CONTROL
campo de control 167205
003 - IDENTIFICADOR DE NÚMERO DE CONTROL
campo de control ES-MaACL
005 - FECHA Y HORA DE LA ÚLTIMA TRANSACCIÓN
campo de control 20230906213457.0
008 - DATOS DE LONGITUD FIJA--INFORMACIÓN GENERAL
campo de control de longitud fija 940206s1893 sp |||| | spa d
040 ## - FUENTE DE CATALOGACIÓN
Centro catalogador/agencia de origen AS
Lengua de catalogación spa
100 1# - ENTRADA PRINCIPAL--NOMBRE DE PERSONA
Nombre de persona Vera y Casado, Bartolomé de.
9 (RLIN) 133623
245 13 - MENCIÓN DEL TÍTULO
Título La administración local
Resto del título : primera parte memoria sobre los vicios y abusos existentes en los municipios, segunda parte proyectos y bases para corregirlos /
Mención de responsabilidad, etc. monografía escrita por Bartolomé de la Vera y Casado que obtuvo el premio del conde de Toreno en el concurso abierto en 31 de enero de 1891...
260 ## - PUBLICACIÓN, DISTRIBUCIÓN, ETC.
Lugar de publicación, distribución, etc. Madrid :
Nombre del editor, distribuidor, etc. [s.n.],
Fecha de publicación, distribución, etc. 1893 (
Fabricante Imprenta y litografía de los huérfanos)
300 ## - DESCRIPCIÓN FÍSICA
Extensión 177 p. ;
Dimensiones 26 cm.
505 8# - NOTA DE CONTENIDO CON FORMATO
Nota de contenido con formato Primera parte. Memoria sobre los vicios y abusos existentes en los municipios - Segunda parte. Proyectos y bases para corregirlos
852 ## - LOCALIZACIÓN
Ubicación ES-MaACL
Número de control de estantería F-M-III-O (VIII)
Nota libre -- Enc. pasta española
condición física -- Falto de la cub. original
Nota libre -- Enc. en un vol. facticio
Holdings
Estatus retirado Estado de pérdida Estado de daño No para préstamo Colección Biblioteca de origen Biblioteca actual Ubicación en estantería Fecha de adquisición Fuente de adquisición Total de préstamos Signatura topográfica completa Código de barras Visto por última vez Precio de reemplazo Tipo de ítem Koha
        Libros del s. XIX Biblioteca del Ateneo de Madrid Biblioteca del Ateneo de Madrid Administración 17/01/2008     F-M-III-O (VIII) 1175398 23/02/2023 23/02/2023 Libro impreso antiguo